Łacina mazowieckiej elity politycznej w dobie Wazów
| Titel: | Łacina mazowieckiej elity politycznej w dobie Wazów |
|---|---|
| Verfasser: | |
| In: |
Łacina jako je̜zyk elit, (2004), Seite 139-150 alle Artikel anzeigen |
| Veröffentlicht: | 2004 |
| Format: | Aufsatz |
| Sprache: | Polnisch |
X
alg: 39391221
001A $01999:12-11-16
001B $01999:28-05-21 $t19:22:47.000
001D $01999:12-11-16
001U $0utf8
001X $00
002@ $0Aox
003@ $0393912213
007A $0393912213 $aHEB
007T $0Herdk64842
010@ $apol
011@ $a2004
021A $aŁacina mazowieckiej elity politycznej w dobie Wazów
028A $aChoińska-Mika $dJolanta
031A $h139-150 $j2004
039B $aIn $8--Aau--. Łacina jako je̜zyk elit. - Warszawa : DiG {[u.a.], 2004. - 516 S.. - ISBN 83-7181-321-X $x200400000000000861 $9126525862
045F $a417.709438 $eDDC23BSB
045F/01 $a417.7
045F/03 $g438
lok: 39391221 78
exp: 39391221 78 1 #EPN
201B/01 $006-03-20 $t22:39:23.000
201U/01 $0utf8
203@/01 $0790022737
208@/01 $a12-11-16 $be
209A/01 $a/ $f000 $x00
220C/01 $aTitelaufnehmer: pbb
220C/01 $aHerkunft: IH PAN/PBB Kraków
244Z/01 $2Trx $#Poola $#Lenkija $#Polija $#Polen Land $#Poland $#Lengyelország $#Poľsko $#Polsko $8--Trx--Polska$gkraj $x01 $9391345966
244Z/01 $aGeschichte 1587-1668 $x02
244Z/01 $#Vasa $#Wazowie $#Vaasa $#Vase $#Vaza $7119536226 $8--Tp1--$PWasa$lDynastie : 1521-1689 $x03 $9087875829
244Z/01 $2Trx $#keel, ladina $#kalba, lotynų $#Language, Latin $#nyelv, latin $#język łaciński $#jazyk latinský $#jazyk latinský $8--Trx--Sprache, lateinische $x04 $9391367110
244Z/01 $2Trx $#eliidid, poliitilised $#elitas, politikos $#elites, political $#elitek, politikai $#elity polityczne $#elity politické $#elity politické $8--Trx--Eliten, politische $x05 $9391374370
244Z/01 $2Trx $8--Trx--Einzelbeiträge $x06 $9391384570
245Z/01 $a11.07 $x01
247C/01 $82080>Marburg/Lahn, Herder-Institut, Forschungsbibliothek, Bibliographieportal $9336309341
| LEADER | 00000caa a22000002c 4500 | ||
|---|---|---|---|
| 001 | 393912213 | ||
| 003 | DE-603 | ||
| 005 | 20210528192247.0 | ||
| 007 | tu | ||
| 008 | 161112s2004 xx |||| | u00||u|pol c | ||
| 035 | |a (DE-599)HEB393912213 | ||
| 040 | |a DE-603 |b ger |c DE-603 |d DE-603 | ||
| 041 | |a pol | ||
| 082 | 0 | 4 | |8 1\u |a 417.709438 |q DE-101 |2 23/BSB |
| 085 | |8 1\u |b 417.7 | ||
| 085 | |8 1\u |z 2 |s 438 | ||
| 100 | 1 | |a Choińska-Mika, Jolanta | |
| 245 | 0 | 0 | |a Łacina mazowieckiej elity politycznej w dobie Wazów |
| 264 | 0 | |c 2004 | |
| 773 | 0 | 8 | |i In |t Łacina jako je̜zyk elit |d Warszawa : DiG [u.a.], 2004 |h 516 S. |z 837181321X |g (2004), Seite 139-150 |w (DE-603)126525862 |
| 924 | 0 | |9 2080 |a (DE-603)790022737 |b DE-2080 |c HES |d d |g / | |


